TAPOVAN PRASAD (Record no. 358093)

MARC details
000 -LEADER
fixed length control field 003180000a22001450004500
005 - DATE AND TIME OF LATEST TRANSACTION
control field 20120302062935.0
040 ## - CATALOGING SOURCE
Original cataloging agency ENG
100 ## - MAIN ENTRY--PERSONAL NAME
Personal name
--
Numeration
Titles and other words associated with a name
245 ## - TITLE STATEMENT
Title TAPOVAN PRASAD
260 ## - PUBLICATION, DISTRIBUTION, ETC. (IMPRINT)
Place of publication, distribution, etc CHETPUR : CHINMAYA MISSION
300 ## - PHYSICAL DESCRIPTION
Extent 116 P.
365 ## - TRADE PRICE
Price amount RS.120/-
650 ## - SUBJECT ADDED ENTRY--TOPICAL TERM
Topical term or geographic name as entry element CHINMAY MISSION / TAPOVAN
942 ## - ADDED ENTRY ELEMENTS (KOHA)
Koha item type Book
Holdings
Withdrawn status Lost status Damaged status Not for loan Home library Current library Date acquired Total Checkouts Barcode Date last seen Price effective from
        Institute For Oriental Study, Thane Institute For Oriental Study, Thane 12/02/2009   IOS-E 19144 12/02/2009 12/02/2009